Problems of a mature economy
Gorde:
| Egile nagusia: | |
|---|---|
| Formatua: | Liburua |
| Hizkuntza: | Undetermined |
| Argitaratua: |
New York
Macmillan
1970
|
| Gaiak: | |
| Etiketak: |
Etiketa erantsi
Etiketarik gabe, Izan zaitez lehena erregistro honi etiketa jartzen!
|
| Thư viện lưu trữ: | Trung tâm Học liệu Trường Đại học Cần Thơ |
|---|
| LEADER | 00557nam a2200205Ia 4500 | ||
|---|---|---|---|
| 001 | CTU_83519 | ||
| 008 | 210402s9999 xx 000 0 und d | ||
| 082 | |a 330.942 | ||
| 082 | |b M612 | ||
| 100 | |a Meyer, F. V. | ||
| 245 | 0 | |a Problems of a mature economy | |
| 245 | 0 | |c F. V. Meyer, D. C. Corner, J. E. S. Parker | |
| 260 | |a New York | ||
| 260 | |b Macmillan | ||
| 260 | |c 1970 | ||
| 650 | |a Great britain | ||
| 650 | |x Economic conditions | ||
| 650 | |y 1945-1964 | ||
| 904 | |i QHieu(sửa) | ||
| 980 | |a Trung tâm Học liệu Trường Đại học Cần Thơ | ||